000 00681naa a2200205 a 4500
001 85797
003 BD-RjUL
005 20251007094428.0
008 251007s1964 pk ||||| |||| 00| 0 ur d
035 _a(BD-RjUL)85797
040 _aBD-RjUL
_beng
_cBD-RjUL
041 _aurd
082 _223
_a891.43909
_bGIU 1964
100 _aGil, Sardār Masīḥ
_917087
245 _aاردو تنقید نگارى : مجموعہ / Urdū tanqīd nigārī : majmūʻah /
_cمرتّبہ، سردار مسیىح گل., Sardār Masīḥ Gil, Saleem Muhammad Afzal
260 _aLahore :
_bmodern publication,
_c1964
300 _a365 pages ;
_c18 cm
650 _aliterature
942 _2ddc
_cBK
999 _c85797
_d85797